header

Multivariable calculus / (Record no. 250920)

MARC details
000 -LEADER
fixed length control field 01184pam a2200313 a 4500
001 - CONTROL NUMBER
control field 3090751
003 - CONTROL NUMBER IDENTIFIER
control field OSt
005 - DATE AND TIME OF LATEST TRANSACTION
control field 20151026105901.0
008 - FIXED-LENGTH DATA ELEMENTS--GENERAL INFORMATION
fixed length control field 981104s1999 caua 001 0 eng
010 ## - LIBRARY OF CONGRESS CONTROL NUMBER
LC control number 98049807
020 ## - INTERNATIONAL STANDARD BOOK NUMBER
International Standard Book Number 0534359485
040 ## - CATALOGING SOURCE
Original cataloging agency DLC
Transcribing agency DLC
Modifying agency DLC
050 00 - LIBRARY OF CONGRESS CALL NUMBER
Classification number QA303
Item number .S88254 1999
082 00 - DEWEY DECIMAL CLASSIFICATION NUMBER
Classification number 515
Edition number 21
100 1# - MAIN ENTRY--PERSONAL NAME
Personal name Stewart, James,
Dates associated with a name 1941-
245 10 - TITLE STATEMENT
Title Multivariable calculus /
Statement of responsibility, etc James Stewart.
250 ## - EDITION STATEMENT
Edition statement 4th ed.
260 ## - PUBLICATION, DISTRIBUTION, ETC. (IMPRINT)
Place of publication, distribution, etc Pacific Grove, CA :
Name of publisher, distributor, etc Brooks/Cole,
Date of publication, distribution, etc c1999.
300 ## - PHYSICAL DESCRIPTION
Extent xxvi p., p. 675-1185, 45 p. :
Other physical details ill. (some col.) ;
Dimensions 26 cm.
500 ## - GENERAL NOTE
General note "A Gary W. Ostedt book"--T.p. verso.
General note Includes index.
650 #0 - SUBJECT ADDED ENTRY--TOPICAL TERM
Topical term or geographic name as entry element Calculus.
856 42 - ELECTRONIC LOCATION AND ACCESS
Materials specified Contributor biographical information
Uniform Resource Identifier <a href="http://www.loc.gov/catdir/enhancements/fy1515/98049807-b.html">http://www.loc.gov/catdir/enhancements/fy1515/98049807-b.html</a>
Materials specified Publisher description
Uniform Resource Identifier <a href="http://www.loc.gov/catdir/enhancements/fy1515/98049807-d.html">http://www.loc.gov/catdir/enhancements/fy1515/98049807-d.html</a>
Materials specified Table of contents only
Uniform Resource Identifier <a href="http://www.loc.gov/catdir/enhancements/fy1515/98049807-t.html">http://www.loc.gov/catdir/enhancements/fy1515/98049807-t.html</a>
906 ## - LOCAL DATA ELEMENT F, LDF (RLIN)
a 7
b cbc
c orignew
d 1
e ocip
f 19
g y-gencatlg
942 ## - ADDED ENTRY ELEMENTS (KOHA)
Source of classification or shelving scheme Library of Congress Classification
Koha item type Long Loan Books
Holdings
Withdrawn status Lost status Source of classification or shelving scheme Damaged status Not for loan Collection code Home library Current library Shelving location Date acquired Total Checkouts Full call number Barcode Date last seen Date checked out Price effective from Koha item type
    Library of Congress Classification     Non-fiction Rongo University Library Rongo University Library General Stacks 26/10/2015 18 QA303 .S88254 1999 20153901 27/10/2023 12/10/2023 26/10/2015 Long Loan Books
    Library of Congress Classification     Non-fiction Rongo University Library Rongo University Library General Stacks 28/04/2016   QA303 .S88254 1999 201611248 28/04/2016   28/04/2016 Long Loan Books

© 2026 Rongo University
Contact us: librarian | system librarian | Rongo university